best darters who won most points in 2024 - Statistics

General Stats
  • This quiz has been taken 21 times
  • The average score is 16 of 30
Answer Stats
Number: Points: Answer: % Correct
2 416 Luke Littler
100%
1 615.5 Luke Humphries
92%
3 277 Michael van Gerwen
92%
20 169 Michael Smith
85%
8 223.75 Ross Smith
85%
4 252.5 Mike De Decker
69%
12 197 Rob Cross
69%
11 208.25 Stephen Bunting
69%
7 224 Gary Anderson
62%
18 176.5 Chris Dobey
54%
10 211.75 Danny Noppert
54%
21 162 Jermaine Wattimena
54%
19 175 Jonny Clayton
54%
16 184.5 Josh Rock
54%
27 127 Peter Wright
54%
9 218.5 Dave Chisnall
46%
6 235.75 Dimitri Van den Bergh
46%
17 179.25 James Wade
46%
13 193.5 Martin Schindler
46%
29 119.5 Raymond van Barneveld
46%
14 187 Damon Heta
38%
30 118.5 Dirk van Duijvenbode
38%
22 161.5 Gian van Veen
38%
25 137 Martin Lukeman
38%
28 123.75 Cameron Menzies
31%
23 149.5 Daryl Gurney
31%
26 129.5 Luke Woodhouse
31%
5 236.25 Ritchie Edhouse
31%
24 139.75 Ryan Joyce
23%
15 187 Ryan Searle
23%
No matching quizzes found
Score Distribution
Percent of People with Each Score
Percentile by Number Answered
Your Score History
You have not taken this quiz